000 005160000a22001090004500
100 1 _aPietrantonio, Ricardo
245 1 0 _aModelos de oficios en el Nuevo Testamento
300 _aVol. 0, No. 0 (1984), Páginas 21-66
520 _aAlgunos términos que indican servicios u oficios. Procedencia del oficio - ministerio. Jerarquía del oficio-ministerio. Modelos de ministerio-oficio. Apóstoles. Profetas. Maestros-Doctores. Obispos. Ancianos -presbíteros. Diáconos.
773 0 _tVox Evangelii
942 _cANA
999 _c59610
_d59610